| 000 | 02077cam a22004934i 4500 | ||
|---|---|---|---|
| 003 | PE-LiUPU | ||
| 005 | 20250731172911.0 | ||
| 008 | 150617s1956 txu rb 000 0 spa d | ||
| 035 | _a(Sirsi) a16882 | ||
| 040 |
_aPE-LiUPU _bspa _cPE-LiUPU _erda |
||
| 049 | _aPRUA | ||
| 082 | 0 | 4 |
_a282 _bP51A _221 |
| 100 | 1 |
_aPhillips, J. A., _eautor. |
|
| 245 | 1 | 0 |
_aAnálisis del romanismo : _bun estudio desapasionado de las doctrinas y las prácticas romanistas / _cJ. A. Philips. |
| 264 | 1 |
_aEl Paso, Texas : _bCasa Bautista de Publicaciones, _c1956. |
|
| 300 |
_a405 páginas ; _c19 centímetros |
||
| 336 |
_atext _2rdacontent |
||
| 337 |
_aunmediated _2rdamedia |
||
| 338 |
_avolume _2rdacarrier |
||
| 504 | _aIncluye bibliografía. | ||
| 505 | 0 | _aExposición general -- Roma como maestra -- La idea romana del culto -- Sistema de gobierno católico romano -- Frutos del sistema católico romano -- La religión del Espíritu. | |
| 526 | _aSEG42 | ||
| 526 | _aSEG41 | ||
| 526 | _aSEG40 | ||
| 526 | _aSEG39 | ||
| 526 | _aP94 | ||
| 526 | _aP87 | ||
| 526 | _aP86 | ||
| 526 | _aP85 | ||
| 526 | _aP77 | ||
| 526 | _aP76 | ||
| 526 | _aP35 | ||
| 610 | 2 |
_aIglesia católica _xLiteratura controvertida _xAutores protestantes. |
|
| 910 |
_ajck _bjvq _cjck _d20150616 |
||
| 942 |
_2ddc _cBOOK |
||
| 949 |
_a282 P51A _wDEWEY _c1 _i04347 _lCCODEBUL1 _mBUL _p20.00 _r0 _sY _tBOOK _u2015-04-21 _xTEOLOGIA _PP35 _0COMPRA _o.STAFF. Colección Teología |
||
| 949 |
_a282 P51A _wDEWEY _c2 _i27404 _lCCODEBUL1 _mBUL _p20.00 _r0 _sY _tBOOK _u2015-04-21 _xTEOLOGIA _PP35 _0COMPRA _o.STAFF. Colección Teología |
||
| 994 |
_aC0 _bPEPRU |
||
| 596 | _a1 | ||
| 999 |
_a282 P51A _wDEWEY _c16400 _i04347 _f2019-12-11 _g4 _lDISCARD _mBUL _r1 _sY _tBOOK _u2015-4-21 _xTEOLOGIA _PP35 _0COMPRA _o.STAFF. Colección General _d16400 |
||
| 999 |
_a282 P51A _wDEWEY _c2 _i27404 _d2018-6-14 _f2021-11-12 _g5 _lCCODEBUL1 _mBUL _p20.00 _q2 _r0 _sY _tBOOK _u2015-4-21 _xTEOLOGIA _PP35 _0COMPRA _o.STAFF. Colección Teología |
||
| 980 |
_81 _gALBERTO SANCHEZ Responsable de Automatización |
||